000 00406nam a22001697a 4500
003 SGT
020 _a9789390612864
082 _a618.1
_bT22J
100 _aJONES, HOWARD W.
245 _aTE LINDE'S OPERATIVE GYNECOLOGY
250 _a1ST S.A
260 _aINDIA
_bWOLTERS KLUWER PUB
_c2022
300 _a1252
650 _aOBST. GYNE
653 _aTE LINDE'S OPERATIVE GYNECOLOGY
942 _2ddc
_cBK
999 _c30829
_d30829